| Tag |
First Indicator |
Second Indicator |
Subfields |
| LEADER |
00000cam a2200000 4500 |
| 001 |
in00001409976 |
| 005 |
20151020070438.0 |
| 007 |
he bm||||||c| |
| 008 |
861211s1857 kyu b 000 0 eng d |
| 035 |
|
|
|a (OCoLC)14956312
|
| 035 |
|
|
|9 AHP8915AM
|
| 040 |
|
|
|a IXA
|c IXA
|d TXA
|d UtOrBLW
|
| 049 |
|
|
|a TXAI
|
| 099 |
|
|
|a fiche
|a C
|a 19336
|
| 100 |
1 |
|
|a Brougham and Vaux, Henry Brougham,
|c Baron,
|d 1778-1868.
|
| 245 |
1 |
0 |
|a Speeches on social and political subjects with historical introductions /
|c By Henry Lord Brougham ...
|
| 264 |
|
1 |
|a London and Glasgow :
|b R. Griffin and company,
|c 1857.
|
| 300 |
|
|
|a 2 volumes ;
|c 19 cm.
|
| 336 |
|
|
|a text
|b txt
|2 rdacontent
|
| 337 |
|
|
|a microform
|b h
|2 rdamedia
|
| 338 |
|
|
|a microfiche
|b he
|2 rdacarrier
|
| 500 |
|
|
|a Added t.-p.: Works of Henry, lord Brougham, volumes 9-10.
|
| 505 |
0 |
|
|a I. Military flogging.--Queen Carolina.--Libel on the Durham clergy.--Army estimates.--Holy alliance.--Education.--Law in Ireland.--Imprisonment for debt.--Bedchamber question.--Wellington Speeches.
|
| 533 |
|
|
|a Microfiche (negative).
|b Lexington, Ky.,
|c Lost Cause Press
|d [198-]
|e 22 sheets. 11 x 15 cm.
|f ([Slavery: source material and critical literature])
|
| 500 |
|
|
|a Microform.
|
| 651 |
|
0 |
|a Great Britain
|x Politics and government.
|
| 830 |
|
0 |
|a Slavery, source material and critical literature.
|
| 948 |
|
|
|a c:blr
|
| 999 |
|
|
|a MARS
|
| 999 |
f |
f |
|s 91359e43-e54f-3591-a12a-c4793cc119e5
|i 5d0b777f-7a46-32c2-998e-02a9a6f828d7
|t 0
|
| 952 |
f |
f |
|p default
|a Texas A&M University
|b College Station
|c Sterling C. Evans Library
|d Evans: Microforms (3rd floor)
|t 0
|e fiche C 19336
|h Other scheme
|i microform -- microfiche
|
| 998 |
f |
f |
|a fiche C 19336
|t 0
|l Evans: Microforms (3rd floor)
|